| 000 | 00354cam a22001097a 4500 | ||
|---|---|---|---|
| 008 | 180718b1989 xxu||||| |||| 00| 0 eng d | ||
| 082 | _aV49 M319 | ||
| 245 | _aManual for land application of treated municipal waste water and sludge | ||
| 260 |
_aJodhpur _bGeo-Environ Academia and Divyajyoti, Jodhpur _c1989 |
||
| 300 | _a206p. | ||
| 650 | _aWater utilization | ||
| 999 |
_c349951 _d349951 |
||